|
|
|
|
| LEADER |
00833nam a22002412a 4500 |
| 001 |
000728526 |
| 003 |
CZ BrMZK |
| 005 |
20220613094537.0 |
| 007 |
ta |
| 008 |
040812s1930 xr er|||||||||||cze d |
| 015 |
|
|
|a cnb000934426
|
| 035 |
|
|
|a (OCoLC)85510106
|
| 040 |
|
|
|a ABA001
|c LIA001
|d ABA001
|b cze
|d BOA001
|
| 100 |
1 |
|
|a Fořt, Karel,
|d 1868-1953
|7 jk01031626
|4 aut
|
| 245 |
1 |
0 |
|a Návrat českého legionáře :
|b hra o třech jednáních /
|c napsal Karel Fořt
|
| 250 |
|
|
|a Čtvrté vydání
|
| 260 |
|
|
|a V Praze :
|b Fr. Švejda,
|c [1930]
|f (Jos. Kolanda)
|
| 300 |
|
|
|a 76 s. ;
|c 8°
|
| 490 |
1 |
|
|a Švejdův divadelní sborník ;
|v sv. 42
|
| 830 |
|
0 |
|a Švejdův divadelní sborník
|0 s
|
| 910 |
|
|
|a BOA001
|b 1-0041.274,42
|
| 990 |
|
|
|a BK
|
| 996 |
6 |
|
|b 2619210235
|c 1-0041.274,42
|l MZK
|r Sklad / do 1 hodiny
|n 2
|w 000728526
|u 000010
|a 1
|e BOA001
|j MZK50
|s P
|